Statistics for Australian Birds – Tile Select Picture Quiz

Click here to take the quiz!

General Stats

  • This quiz has been taken 33 times
  • The average score is 55 of 71

Answer Stats

QuestionTileSelect% Correct
with a one-word species nameYes
100%
with a one-word species nameNo
100%
with a one-word species nameYes
96%
which are femaleNo
96%
which are in the honeyeater family (Meliphagidae)No
96%
which are native to AustraliaNo
96%
with a one-word species nameNo
96%
which are native to AustraliaNo
96%
which are native to AustraliaYes
96%
which are native to AustraliaNo
96%
which are native to AustraliaYes
96%
with a one-word species nameYes
92%
which are femaleNo
92%
which are in the honeyeater family (Meliphagidae)Yes
92%
which are native to AustraliaNo
92%
which are in the honeyeater family (Meliphagidae)Yes
92%
which are in the honeyeater family (Meliphagidae)No
88%
which have an annual migration cycleNo
88%
with a one-word species nameNo
88%
which are femaleNo
88%
which are femaleNo
88%
which are native to AustraliaNo
88%
which have an annual migration cycleNo
88%
which are native to AustraliaYes
88%
with a one-word species nameNo
88%
which have an annual migration cycleNo
88%
which are native to AustraliaYes
88%
with a one-word species nameNo
84%
which are native to AustraliaYes
84%
with a one-word species nameYes
84%
listed as critically endangered by the IUCNYes
84%
with a one-word species nameNo
84%
with a one-word species nameNo
80%
listed as critically endangered by the IUCNNo
80%
listed as critically endangered by the IUCNYes
80%
which have an annual migration cycleYes
80%
which are native to AustraliaYes
80%
with a one-word species nameNo
80%
which are native to AustraliaNo
80%
which are native to AustraliaNo
80%
with a one-word species nameNo
80%
which have an annual migration cycleYes
76%
which are femaleYes
76%
listed as critically endangered by the IUCNYes
76%
which are native to AustraliaYes
76%
which are native to AustraliaNo
76%
which are native to AustraliaNo
76%
listed as critically endangered by the IUCNNo
72%
listed as critically endangered by the IUCNYes
72%
listed as critically endangered by the IUCNNo
72%
which have an annual migration cycleNo
72%
which are in the honeyeater family (Meliphagidae)Yes
68%
which are in the honeyeater family (Meliphagidae)Yes
68%
which are femaleYes
68%
with a one-word species nameYes
68%
listed as critically endangered by the IUCNNo
64%
which are in the honeyeater family (Meliphagidae)No
64%
with a one-word species nameYes
64%
with a one-word species nameYes
60%
which are femaleYes
56%
which are femaleYes
56%
which have an annual migration cycleNo
56%
which are femaleYes
52%
which have an annual migration cycleYes
52%
which have an annual migration cycleYes
52%
which have an annual migration cycleYes
52%
which are in the honeyeater family (Meliphagidae)No
48%
which have an annual migration cycleNo
44%
which are in the honeyeater family (Meliphagidae)Yes
40%
listed as critically endangered by the IUCNNo
28%
which have an annual migration cycleYes
20%

Score Distribution

Percentile by Number Answered

Percent of People with Each Score

Your Score History

You have not taken this quiz